Directory of top 1000 corporate companies of India 213-14.
| Format: | Book |
|---|---|
| Published: |
New Delhi:
Delhi Information Bureau,
2013.
|
| Subjects: |
| LEADER | 00463cam a2200145 7i4500 | ||
|---|---|---|---|
| 001 | 0000030425 | ||
| 005 | 20140205090000.0 | ||
| 020 | 0 | 0 | |a 9788188274154 |
| 090 | 0 | 0 | |a INDA 338.7025 |b DIR |
| 245 | 0 | 0 | |a Directory of top 1000 corporate companies of India 213-14. |
| 260 | 0 | 0 | |a New Delhi: |b Delhi Information Bureau, |c 2013. |
| 300 | # | # | |a 564 p. |
| 650 | 0 | 0 | |a Business -- |x Directories -- |z India |
| 651 | 0 | 0 | |a India |
| 999 | |a B000033535 |b Directories |c Countries |e Business Information Centre | ||


